000 00485nam a2200193Ia 4500
005 20240823012504.0
008 240823s9999||||xx |||||||||||||| ||und||
020 _a81-259-1448-X
041 _aENGLISH
082 _A621.38152 P2
100 _aRajendran V et al.
245 0 _aSemiconductor Physics and Optoelectronics
250 _a1st
260 _c2005
_b"Aassaan eduCare,Chennai"
500 _aYES
650 _aSemicomductor
_bElectronics
942 _cBK
999 _c164543
_d164543